000 00285nam a22001337a 4500
008 171201b xxu||||| |||| 00| 0 eng d
020 _a276093003
041 _aeng
080 _a159.9
100 _a49
101 _apsi
245 _aSERIES IN PSYCHOLOGY
_cHILL, M
942 _2udc
_cBK
999 _c38712
_d38712